Empire - Country - Statistics

General Stats
  • This quiz has been taken 37 times
  • The average score is 14 of 15
Answer Stats
Empire Modern Day Country % Correct
Qing Dynasty China
100%
Frankish Empire France
100%
Persian Empire Iran
100%
Roman Empire Italy
100%
Mongol Empire Mongolia
100%
British Empire United Kingdom
100%
Dutch Empire Netherlands
97%
Russian Empire Russia
97%
Ottoman Empire Turkey
97%
Inca Empire Peru
94%
Prussia Germany
91%
Byzantine Empire Greece
88%
Mughal Empire India
85%
Assyria Iraq
82%
Umayyad Caliphate Syria
73%
No matching quizzes found
Score Distribution
Percent of People with Each Score
Percentile by Number Answered
Your Score History
You have not taken this quiz